50 Most Valuable African Players - Statistics

General Stats
  • This quiz has been taken 30 times
  • The average score is 14 of 50
Answer Stats
Nationality Answer % Correct
7 Egypt Mohamed Salah
100%
1 Morocco Achraf Hakimi
96%
2 Egypt Omar Marmoush
69%
3 Nigeria Victor Osimhen
69%
4 Nigeria Ademola Lookman
62%
32 Senegal Ismaila Sarr
50%
20 Senegal Pape Matar Sarr
50%
39 Cameroon Andre Onana
46%
6 Senegal Nicolas Jackson
46%
5 Cameroon Bryan Mbeumo
42%
8 Ghana Mohammed Kudus
42%
10 Ivory Coast Amad Diallo
38%
15 Morocco Brahim Diaz
35%
11 Guinea Serhou Guirassy
35%
13 Nigeria Victor Boniface
35%
17 Algeria Rayan Ait-Nouri
31%
18 DR Congo Yoane Wissa
31%
28 Nigeria Alex Iwobi
27%
14 Cameroon Carlos Baleba
27%
16 Burkina Faso Edmond Tapsoba
27%
44 Senegal Iliman Ndiaye
27%
21 Gambia Yankuba Minteh
27%
43 Morocco Youssef En-Nesyri
27%
34 Guinea Yves Bissouma
27%
12 Ghana Antoine Semenyo
23%
26 Burkina Faso Dango Ouattara
23%
38 Morocco Noussair Mazraoui
23%
42 DR Congo Aaron Wan-Bissaka
19%
27 Morocco Bilal El Khannouss
19%
33 Nigeria Calvin Bassey
19%
45 Nigeria Ola Aina
19%
46 Guinea-Bissau Beto
15%
25 Morocco Eliesse Ben Seghir
15%
23 Ivory Coast Evan Ndicka
15%
48 Senegal Habib Diarra
15%
41 Ivory Coast Ibrahim Sangare
15%
9 Ivory Coast Ousmane Diomande
15%
29 Ivory Coast Simon Adingra
15%
37 Guinea Cheick Doucoure
12%
30 Cameroon Frank Anguissa
12%
36 Ivory Coast Odilon Kossounou
12%
22 Algeria Amine Gouiri
8%
47 Senegal Lamine Camara
8%
19 Algeria Mohamed Amoura
8%
40 Ivory Coast Evann Guessand
4%
31 Morocco Ismael Saibari
4%
35 Ivory Coast Wilfried Singo
4%
24 Senegal Assane Diao
0%
50 Cameroon Enzo Boyomo
0%
49 Nigeria Raphael Onyedika
0%
No matching quizzes found
Score Distribution
Percent of People with Each Score
Percentile by Number Answered
Your Score History
You have not taken this quiz